Organization and pathology of thought : (Record no. 519511)

000 -LEADER
fixed length control field 00275nam a22000977a 4500
082 ## - DEWEY DECIMAL CLASSIFICATION NUMBER
Classification number TNC I5 R181
100 ## - MAIN ENTRY--PERSONAL NAME
Personal name Rapaport,David
9 (RLIN) 30600
245 ## - TITLE STATEMENT
Title Organization and pathology of thought :
Remainder of title Selected sources
Statement of responsibility, etc David Rapaport
260 ## - PUBLICATION, DISTRIBUTION, ETC. (IMPRINT)
Place of publication, distribution, etc New Delhi
Name of publisher, distributor, etc Oxford
Date of publication, distribution, etc 1951
300 ## - PHYSICAL DESCRIPTION
Extent 786p.

No items available.

Powered by Koha